الحوار العربى التركى بين الماض والحاضر : (Record no. 59831)
[ view plain ]
| 000 -الفاتح | |
|---|---|
| حقل البيانات ثابتة الطول | 01853nam a22003017a 4500 |
| 005 - وقت وتاريخ اخر تعامل مع التسجيلة | |
| رقم الضبط | 20240530110338.0 |
| 008 - عناصر البيانات ثابتة الطول - معلومات عامة | |
| حقل البيانات ثابتة الطول | 141023s2010 le gr 001 0dara d |
| 020 ## - الرقم الدولى المعيارى للكتب | |
| الرقم الدولى المعيارى للكتاب | 9789953823638 |
| 040 ## - مصدر الفهرسة | |
| وكالة الفهرسة الأصلية | EG-CaGPL |
| 082 04 - رقم تصنيف ديوى العشرى | |
| رقم الطبعة | 21 |
| رقم التصنيف | 327.17\ |
| رقم المادة | م ح |
| 110 0# - المدخل الرئيسى - إسم هيئة | |
| اسم الهيئة أو اسم السلطة كمدخل | مركز دراسات الوحدة العربية |
| 245 12 - بيان العنوان | |
| العنوان | الحوار العربى التركى بين الماض والحاضر : |
| بقية العنوان | بحوث ومناقشات الندوة الفكرية التى نظمها مركز دراسات الوحدة العربية والمؤسسة العربية للديمقراطية ومركز الاتجاهات السياسية العالمية gpot استانبول / |
| بيان المسئوليه,etc | مركز دراسات الوحدة العربية ، اتيان محجوبيان ، على بيرم اوغلو ، مليحة التون ايشيك |
| 260 ## - PUBLICATION, DISTRIBUTION, ETC. (IMPRINT) | |
| تاريخ النشر أو التوزيع | 2010 |
| 300 ## - الوصف المادى | |
| التعداد | 560 ص ؛ |
| أبعاد الوعاء | 24 سم |
| 650 04 - المدخل الاضافى بالموضوع-مصطلح موضوعى | |
| مصطلح موضوعي | التعاون الدولى |
| 650 04 - المدخل الاضافى بالموضوع-مصطلح موضوعى | |
| مصطلح موضوعي | الحركات الاسلامية |
| التقسيم الفرعي الجغرافي | تركيا |
| 650 04 - المدخل الاضافى بالموضوع-مصطلح موضوعى | |
| مصطلح موضوعي | الحركات الاسلامية |
| التقسيم الفرعي الجغرافي | الوطن العربى |
| 651 04 - المدخل الاضافى بالموضوع - اسم جغرافى | |
| الاسم الجغرافي | العالم العربى |
| التقسيم الفرعي العام | العلاقات الخارجية |
| التقسيم الفرعي الجغرافي | تركيا |
| 651 04 - المدخل الاضافى بالموضوع - اسم جغرافى | |
| الاسم الجغرافي | العالم العربى |
| التقسيم الفرعي العام | العلاقات الاقتصادية |
| التقسيم الفرعي الجغرافي | تركيا |
| 651 04 - المدخل الاضافى بالموضوع - اسم جغرافى | |
| الاسم الجغرافي | العالم العربى |
| التقسيم الفرعي العام | الاحوال السياسية |
| 651 04 - المدخل الاضافى بالموضوع - اسم جغرافى | |
| الاسم الجغرافي | تركيا |
| التقسيم الفرعي العام | العلاقات الخارجية |
| التقسيم الفرعي الجغرافي | العالم العربى |
| 651 04 - المدخل الاضافى بالموضوع - اسم جغرافى | |
| الاسم الجغرافي | تركيا |
| التقسيم الفرعي العام | العلاقات الاقتصادية |
| التقسيم الفرعي الجغرافي | العالم العربى |
| 700 ## - المدخل الاضافى - اسم شخصى | |
| الإسم الشخصى | اتيان محجوبيان |
| الدور | مؤلف مشارك |
| 700 ## - المدخل الاضافى - اسم شخصى | |
| الإسم الشخصى | مليحة التون ايشيك |
| الدور | مؤلف مشارك |
| 700 ## - المدخل الاضافى - اسم شخصى | |
| الإسم الشخصى | على بيرم اوغلو |
| الدور | مؤلف مشارك |
| 942 ## - عناصر المدخل الإضافي( كوها) | |
| مصدر التصنيف او مخطط الترفيف | Dewey Decimal Classification |
| Koha [default] item type | كتاب |
| 260 ## - PUBLICATION, DISTRIBUTION, ETC. (IMPRINT) | |
| -- | بيروت : |
| -- | مركز دراسات الوحدة العربية ، |
| حالة التراجع | حالة الفقد | حالة تلف | ليس للاعارة | المكان المؤقت | الموقع الحالى | تاريخ الاكتساب | اجمالي اﻻعارات | رقم الطلب | الباركود | تاريخ اخر مشاهدة | تاريخ تفعيل السعر | نوع وعاء كوها |
|---|---|---|---|---|---|---|---|---|---|---|---|---|
| مكتبة القاهرة الكبرى | مكتبة القاهرة الكبرى | 10/23/2014 | 327.17\ م ح | 158787 | 10/23/2014 | 10/23/2014 | كتاب |

